| 000 | 01624na a2200421 4500 | ||
|---|---|---|---|
| 001 | 20312 | ||
| 003 | MIRAKIL | ||
| 005 | 20181213155228.0 | ||
| 008 | 170117b tu 000 0 | ||
| 035 | _a20312 | ||
| 040 |
_aMilas _btur _cTR-AnCHP |
||
| 041 | _atur | ||
| 082 |
_aCHP 324.2372026 _bC36y 1993 |
||
| 090 | _aCHP 324.2372026 C36y 1993 | ||
| 110 | _aCumhuriyet Halk Partisi (CHP) | ||
| 222 | _aYönetmelikler | ||
| 245 |
_aYönetmelikler _b[1993] _cCHP |
||
| 246 | _aCHP 1993 yönetmelikleri | ||
| 246 | _aCumhuriyet Halk Partisi yönetmelik | ||
| 246 | _aCHP 1993 yönetmeliği | ||
| 246 | _aCHP yönetmeliği | ||
| 260 |
_aAnkara _bCHP _c1993 |
||
| 300 |
_a14, 9 s. _c21 sm. |
||
| 440 |
_aCumhuriyet Halk Partisi yayınları _pYönetmelikler |
||
| 500 | _aDış kapakta başka yapıt adı: CHP : Değişimin gücü | ||
| 505 | _a1. İl ve İlçe Kongreleri ile Sandık Çevresi Sorumlusu ve İlçe Kongresi Üyeleri Seçimi Yönetmeliği -- 2. Yerel Seçimler Aday Saptama Yönetmeliği | ||
| 610 |
_aCumhuriyet Halk Partisi (CHP) _xHukuk ve mevzuat _yYönetmelikler |
||
| 610 |
_aCumhuriyet Halk Partisi (CHP) _xYönetmelikler, 1993 |
||
| 651 |
_aTürkiye _xSiyaset ve yönetim _y1993-1995 |
||
| 657 | _aCumhuriyet Halk Partisi yönetmeliği | ||
| 657 | _aCHP 1993 yönetmeliği | ||
| 657 | _aCHP yönetmelikleri | ||
| 740 | _a1993 Yerel Seçimler Aday Saptama Yönetmeliği | ||
| 740 | _a1993 İl ve İlçe Kongreleri ile Sandık Çevresi Sorumlusu ve İlçe Kongresi Üyeleri Seçimi Yönetmeliği | ||
| 830 | _aCHP yönetmelikleri | ||
| 942 |
_2ddc _cBKS |
||
| 999 |
_c8937 _d8937 |
||